000
00293nam a2200121Ia 4500
008
231129s1972||||xx |||||||||||||| ||spa||
082
_a
HAJ- 0369
100
_a
Sarmiento de Gamboa Pedro
245
0
_a
Historia de los Incas
260
_c
1972
264
_a
[sin editorial]
942
_2
ddc
_c
BKS
999
_c
15204
_d
15204